Statistics for Sweden Immigration By Country

Click here to take the quiz!

General Stats

  • This quiz has been taken 58 times
  • The average score is 23 of 30

Answer Stats

TotalCountry% Correct
144,560Finland
100%
27,280United Kingdom
100%
41,570Norway
98%
93,720Poland
98%
39,600China
96%
35,500Denmark
96%
30,000Russia
96%
22,800United States
96%
40,640India
91%
51,450Germany
87%
55,000Turkey
87%
180,040Iraq
84%
230,260Syria
84%
85,130Iran
82%
32,300Romania
80%
25,000Pakistan
78%
66,340Serbia
73%
60,500Afghanistan
71%
27,500Lithuania
71%
38,000Brazil
64%
20,700Vietnam
64%
78,150Somalia
62%
43,570Thailand
60%
63,100Bosnia and Herzegovina
58%
57,600Croatia
53%
28,900Chile
49%
26,680Ethiopia
49%
28,510Lebanon
49%
18,600Argentina
44%
59,670Eritrea
36%

Score Distribution

Percentile by Number Answered

Percent of People with Each Score

Your Score History

You have not taken this quiz